000 00346nam a2200145Ia 4500
008 221030s9999 xx 000 0 und d
020 _a8185749795
041 _aEnglish
100 _aP. S. Gill
245 0 _aMachine Drawing
_cby P. S. Gill
260 _bS. K. Kataria
_aNew Delhi
_c2013
300 _a698
650 _aMechanical
942 _cBK
999 _c15613
_d15613